Vista normal
Vista MARC
Entrada Personal Name
Número de registros utilizados en: 3
001 - CONTROL NUMBER
- control field: 10761
003 - CONTROL NUMBER IDENTIFIER
- control field: DLC
005 - DATE AND TIME OF LATEST TRANSACTION
- control field: 20221018123600.0
008 - FIXED-LENGTH DATA ELEMENTS
- fixed length control field: 120210n| azannaabn |a aaa c
010 ## - LIBRARY OF CONGRESS CONTROL NUMBER
- LC control number: no2012020402
035 ## - SYSTEM CONTROL NUMBER
- System control number: (OCoLC)oca09112687
040 ## - CATALOGING SOURCE
- Original cataloging agency: NcU
- Language of cataloging: spa
- Description conventions: rda
- Transcribing agency: Mx-PuUPA
- Modifying agency: CU-A
- Modifying agency: Mx-PuUPA
046 ## - SPECIAL CODED DATES
- Birth date: 1975
100 1# - HEADING--PERSONAL NAME
- Personal name: Romero, Ana,
- Dates associated with a name: 1975-
370 ## - ASSOCIATED PLACE
- Place of birth: La Piedad Cavadas, Mexico
372 ## - FIELD OF ACTIVITY
- Field of activity: Literatura infantil
- Source of term: lcsh
374 ## - OCCUPATION
- Occupation: Autor
- Source of term: lcsh
375 ## - GENDER
- Gender: mujer
377 ## - ASSOCIATED LANGUAGE
- Language code: spa
378 ## - FULLER FORM OF PERSONAL NAME
- Fuller form of personal name: Ana Rosa
400 1# - SEE FROM TRACING--PERSONAL NAME
- Personal name: Romero, Ana
- Fuller form of name: (Ana Rosa),
- Dates associated with a name: 1975-
400 1# - SEE FROM TRACING--PERSONAL NAME
- Personal name: Romero Jiménez, Ana Rosa,
- Dates associated with a name: 1975-
400 1# - SEE FROM TRACING--PERSONAL NAME
- Personal name: Jiménez, Ana Rosa Romero,
- Dates associated with a name: 1975-
670 ## - SOURCE DATA FOUND
- Source citation: La noche de la muñeca, 2008:
- Information found: t.p. (Ana Romero) p. facing t.p. (Ana Rosa Romero Jiménez)
670 ## - SOURCE DATA FOUND
- Source citation: Puerto libre, 2012: title page (Ana Romero) page 4 (Romero Jiménez, Ana Rosa) page 4 of cover (Ana Romero, born La Piedad, Michoacán, 1975; awarded el Premio Juan de la Cabada 2011 for Puerto Libre(award for children's literature))
670 ## - SOURCE DATA FOUND
- Source citation: OCLC, May 5, 2014
- Information found: (hdg: Romero, Ana, 1975- ; usage: Ana Romero)
670 ## - SOURCE DATA FOUND
- Source citation: Los Rojos Camaradas, © 2015:
- Information found: t.p. (Ana Romero) de portada
670 ## - SOURCE DATA FOUND
- Source citation: Biblioteca del congreso (Estados Unidos), 17 marzo 2020:
- Information found: Catálogo electrónico
- Uniform Resource Identifier: http://bit.ly/3b4oiSt